Artists by their Paintings - Statistics

General Stats
  • This quiz has been taken 79 times
  • The average score is 6 of 16
Answer Stats
Picture Answer % Correct
Claude Monet
91%
Gustav Klimt
88%
Johannes Vermeer
88%
Grant Wood
76%
Paul Gauguin
69%
Henri Matisse
55%
Pierre-Auguste Renoir
36%
Rembrandt van Rijn
36%
Edgar Degas
27%
Peter Paul Rubens
15%
Wassily Kandinsky
7%
Claude Lorrain
4%
Paul Cezanne
4%
Armand Guillaumin
0%
Georges Lemmen
0%
Rene Schutzenberger
0%
No matching quizzes found
Score Distribution
Percent of People with Each Score
Percentile by Number Answered
Your Score History
You have not taken this quiz